00413nam a2200121Ia 4500001000800000005001700008008004100025020001800066245007600084260002200160999002100182952008800203127041920260417151349.0260417s9999 xx 000 0 und d a9786258124170 0aGençler! Merhamet Edin ki Merhamet Olunasınız!cMustafa Karaşahin bBeyan Yayınları c1270419d1270419 00104070a1109b1109d2026-04-17l0p1109367r2026-04-17 15:13:49w2026-04-17yBK